European Committee of Construction Economists (Record no. 119447)

MARC details
000 -LEADER
fixed length control field 00767cam a2200193 4500
001 - CONTROL NUMBER
control field WS104711
008 - FIXED-LENGTH DATA ELEMENTS--GENERAL INFORMATION
fixed length control field 000000n 000 0 eng u
035 ## - SYSTEM CONTROL NUMBER
System control number (Sirsi) u104711
110 ## - MAIN ENTRY--CORPORATE NAME
Corporate name or jurisdiction name as entry element European Committee of Construction Economists
9 (RLIN) 3842
245 ## - TITLE STATEMENT
Title European Committee of Construction Economists
520 ## - SUMMARY, ETC.
Summary, etc. Web site for this organisation which is made up of representatives of professional bodies in Europe. The UK representative is the RICS. It includes an excellent glossary of terms.
650 ## - SUBJECT ADDED ENTRY--TOPICAL TERM
Topical term or geographic name entry element EUROPE
650 ## - SUBJECT ADDED ENTRY--TOPICAL TERM
Topical term or geographic name entry element CONSTRUCTION ECONOMICS
650 ## - SUBJECT ADDED ENTRY--TOPICAL TERM
Topical term or geographic name entry element INTERNATIONAL
650 ## - SUBJECT ADDED ENTRY--TOPICAL TERM
Topical term or geographic name entry element ORGANISATION
690 ## - LOCAL SUBJECT ADDED ENTRY--TOPICAL TERM (OCLC, RLIN)
Topical term or geographic name as entry element BUILDING AND CONSTRUCTION-ECONOMICS
856 40 - ELECTRONIC LOCATION AND ACCESS
Uniform Resource Identifier <a href="https://www.ceec.org/">https://www.ceec.org/</a>
Public note View the website free of charge at www.ceec.org/...
942 ## - ADDED ENTRY ELEMENTS (KOHA)
Suppress in OPAC 0
Holdings
Withdrawn status Lost status Source of classification or shelving scheme Damaged status Not for loan Home library Current library Shelving location Date acquired Total Checkouts Full call number Barcode Date last seen Copy number Price effective from Koha item type
    Dewey Decimal Classification     Virtual Virtual Online 08/03/2000   WEB SITE 104711-2001 06/08/2019 1 06/08/2019 Online material